000 00659cam a2200241 4500500
005 20260329004830.0
041 _afre
042 _adc
100 1 0 _aChabot, Pascal
_eauthor
245 0 0 _aRelâchez la pression !
260 _c2021.
500 _a90
690 _aAlcool
690 _aBar
690 _aBière
690 _aConfinement
690 _aDéconfinement
690 _aPascal Chabot
690 _aRencontre
690 _aTerrasses
786 0 _nPhilosophie magazine | 150 | 6 | 2021-06-01 | p. 19-20 | 1951-1787
856 4 1 _uhttps://shs.cairn.info/magazine-philosophie-magazine-2021-6-page-19?lang=fr&redirect-ssocas=7080
999 _c1837749
_d1837749